Stone : poems /

Bibliographic Details
Main Author: Gould, Henry
Format: Book
Language:English
Published: Providence, R.I. : Copper Beech Press, 1979.

MARC

Tag First Indicator Second Indicator Subfields
LEADER 00000cam a2200000 a 4500
001 in00000070673
005 20151008061844.0
008 800417s1979 riu 00010 eng d
020 |a 0914278231 
035 |a (OCoLC)06215155 
035 |9 AAJ8986AM 
040 |a EEM  |c EEM  |d TXA  |d UtOrBLW 
049 |a TXAM  |c [1387108] 
090 |a PS3557.O856  |b S8 
100 1 |a Gould, Henry. 
245 1 0 |a Stone :  |b poems /  |c by Henry Gould. 
264 1 |a Providence, R.I. :  |b Copper Beech Press,  |c 1979. 
300 |a 46 pages ;  |c 22 cm. 
336 |a text  |b txt  |2 rdacontent 
337 |a unmediated  |b n  |2 rdamedia 
338 |a volume  |b nc  |2 rdacarrier 
999 |a MARS 
999 f f |s 4fece622-2b18-3235-bf80-784bcf77f9ae  |i 77c30b5d-4996-3afb-8cd8-33af2afed788  |t 0 
952 f f |p ric  |a Texas A&M University  |b Rellis Campus  |c Joint Library Facility  |d Remote Storage  |t 0  |e PS3557.O856 S8  |h Library of Congress classification  |i unmediated -- volume  |m A14806192446 
998 f f |a PS3557.O856 S8  |t 0  |l Remote Storage